| 000 | 00603nam a2200205 i 4500 | ||
|---|---|---|---|
| 001 | 93037 | ||
| 003 | ES-MaACL | ||
| 005 | 20230906181119.0 | ||
| 007 | t| | ||
| 008 | 050407s1976 sp ||||1| spa d | ||
| 100 | 1 |
_aLoeve, Michel. _973104 |
|
| 245 | 1 | 0 |
_aTeoría de la probabilidad / _cMichel Loeve; [traducción por Angel Butron Ruiz]. |
| 260 |
_aMadrid : _bTecnos, _c1976. |
||
| 300 |
_a641 p. ; _c24 cm. |
||
| 490 | 1 | _aSerie de matemática | |
| 700 | 1 |
_aButron Ruiz, Angel. _932956 |
|
| 830 | 0 |
_aSerie de matemática _9182873 |
|
| 852 |
_aES-MaACL _jA-6683 _bR.95257 |
||
| 999 |
_c93037 _d93037 |
||